Slovak Experience with Minimum Corporate Income Tax
Analýza minimálnej dane z príjmov právnických osôb na Slovensku.
Guardado en:
| Autor principal: | |
|---|---|
| Otros Autores: | |
| Formato: | Capítulo de libro |
| Lenguaje: | inglés |
| Materias: | |
| Etiquetas: |
Sin Etiquetas, Sea el primero en etiquetar este registro!
|
MARC
| LEADER | 00000naa a2200000 4500 | ||
|---|---|---|---|
| 001 | 0246429 | ||
| 005 | 20240502073945.0 | ||
| 041 | 0 | |a eng | |
| 044 | |a SK | ||
| 245 | 1 | 0 | |a Slovak Experience with Minimum Corporate Income Tax |c Jaroslav Bukovina, Ján Remeta |
| 520 | |a Analýza minimálnej dane z príjmov právnických osôb na Slovensku. | ||
| 610 | 2 | 0 | |a Slovensko |
| 610 | 2 | 0 | |a dane z príjmov |
| 610 | 2 | 0 | |a dane korporatívne |
| 610 | 2 | 0 | |a osoby právnické |
| 610 | 2 | 0 | |a dane minimálne |
| 610 | 2 | 0 | |a optimalizácia daňová |
| 100 | 1 | |a Bukovina, Jaroslav | |
| 700 | 1 | |a Remeta, Ján | |